Statistiques concernant Les douze mois du calendrier républicain

Cliquez ici pour prendre le quiz!

Statistiques générales

  • Ce quiz a été pris 121 fois
  • Le résultat moyen est 9 sur 12

Statistiques - réponses

QuestionRéponse% Correct
mois des brumes 2ème mois du calendrier Républicain ( 22 / 23 octobre / 21 novembre )Brumaire
92%
mois des pluies 5ème mois du calendrier Républicain ( 20 / 21 / 22 janvier / 19 / 20 / 21 février )Pluviose
87%
mois de la germination 7ème mois du calendrier Républicain ( 20 / 21 mars / 19 / 20 avril )Germinal
86%
mois des vents 6ème mois du calendrier Républicain ( 19 février / 20 mars )Ventose
86%
mois des neiges 4ème mois du calendrier Républicain ( 21 décembre / 19 janvier )Nivose
77%
mois des frimas, brouillard froid et épais 3ème mois du calendrier Républicain ( 21 novembre / 20 décembre )Frimaire
76%
mois de la chaleur , des bains 11ème mois du calendrier Républicain ( 20 juillet / 18 août )Thermidor
72%
mois des prairies 9ème mois du calendrier Républicain ( 20 mai / 18 juin )Prairial
71%
mois des vendanges 1er mois du calendrier Républicain ( 22 septembre / 21 octobre )Vendemiaire
69%
mois des fruits 12ème mois du calendrier Républicain ( 18 / 19 août / 16 / 17 septembre )Fructidor
67%
mois des fleurs 8ème mois du calendrier Républicain ( 20 / 21 avril / 19 / 20 mai )Floreal
66%
mois des moissons , des récoltes 10ème mois du calendrier Républicain ( 20 juin / 19 juillet )Messidor
57%

Distribution des résultats

Percentile par nombre de réponses

% des personnes avec chaque résultat

Votre développement - résultats

Vous n’avez pas pris ce quiz